000 00281nam a2200121Ia 4500
008 191201s2016 xx 000 0 und d
100 _aJAIN, A.P.
245 0 _aYadon ki Yatra
260 _aN. Delhi
_bKalesh Jyoti
_c2016
300 _a296
650 _aGeneral Books
942 _2ddc
_cBK
999 _c488
_d488